00977nam a2200277Ia 450000500170000000800410001702000180005810000280007624500900010425000180019430000250021249000110023750000420024858600350029065000420032565000460036765000380041365000500045165000350050126400290053633600270056533700330059233800280062504000350065308400110068820220317001504.0161108s9999 xx 000 0 und d a97884080447271 aTurgeon, Carolynd1971-13aSirenabun giro al cuento clásicocCarolyn Turgeon ; traducción de Montse Batista a1a. edición a314 páginasc20 cm aBooket aIncluye datos biográficos del autor aMemaid. A Twist on the Classic142LEMBaNovela estadounidenseySiglo XX142LEMBaLiteratura estadounidenseySiglo XX142LEMBaNovela fantasticaySiglo XX142LEMBaNovela juvenil estadounidenseySiglo XX142LEMBaSirenas en la literatura aBarcelonabPlanetac2013 atextobtxt2rdacontent asin mediaciónbn2rdamedia avolumenbnc2rdacarrier aCO-BoRNBPbspaerdacCO-BoRNBP aN TUR5